000
00256nam a2200097Ia 4500
082
_a
J 510 KNAP
245
0
_a
Driving Daddy
100
_a
VESTERGAARD, Hope New York, 2003 1st ed
_9
82398
942
_c
BK
008
210817s9999 xx 000 0 und d
999
_c
297529
_d
297531